01366nam a2200241Ia 4500001000900000003001000009008004100019040002500060041001300085100001200098245002100110250001100131260009200142300001200234500026200246501011400508520026200622650002900884942000700913957000600920999004000926952015800966L010-111IT-CnALBA170116s9999||||xx |||||||||||||| ||und|| aIT-CnALBAcIT-CnALBA aITALIANO aAA. VV. 0aRAGGUAGLIO 1959  a1a ed. aMILANObPROPAGANDA LIBR. ISTITUTO, IPL. c1959 [1° Ed.:1959 - Ed.Ling.Originale: 1959] a592 p.  aATTIVITÀ CULTURALE E ARTISTICA DEI CATTOLICI IN ITALIA. COLLABORATORI. AUTORI. CONVEGNI. LETTERATURA. ARTE CRISTIANA. I CATTOLICI E LA SCUOLA. ANTOLOGIA DI BRANI INEDITI. PROBLEMI ATTUALI. GIOVINEZZA DELLA CHIESA. INDIRIZZI DI SCRITTORI E ARTISTI CATTOLIC aSocietà San Paolo EM - Piazza San Paolo, 14 - 12051 ALBA (CN) (non commercial uses only) ® Copyright 2017 aATTIVITÀ CULTURALE E ARTISTICA DEI CATTOLICI IN ITALIA. COLLABORATORI. AUTORI. CONVEGNI. LETTERATURA. ARTE CRISTIANA. I CATTOLICI E LA SCUOLA. ANTOLOGIA DI BRANI INEDITI. PROBLEMI ATTUALI. GIOVINEZZA DELLA CHIESA. INDIRIZZI DI SCRITTORI E ARTISTI CATTOLIC aBIBLIOGRAFIE E CATALOGHI cBK 71 a210bNOg Copie: 1 c259348d259348 0010406L_01011171aALBAbALBAd2017-01-16l0oL010-111r2017-01-16 00:00:00w2017-01-16yBKz(data import: 16 gennaio 2017) - By Epidotti, Vaglietti.